<?xml version="1.0" encoding="UTF-8"?>
<record
    xmlns:xsi="http://www.w3.org/2001/XMLSchema-instance"
    xsi:schemaLocation="http://www.loc.gov/MARC21/slim http://www.loc.gov/standards/marcxml/schema/MARC21slim.xsd"
    xmlns="http://www.loc.gov/MARC21/slim">

  <leader>01173nam a22002177a 4500</leader>
  <datafield tag="952" ind1=" " ind2=" ">
    <subfield code="0">0</subfield>
    <subfield code="1">0</subfield>
    <subfield code="2">lcc</subfield>
    <subfield code="4">0</subfield>
    <subfield code="7">0</subfield>
    <subfield code="a">20</subfield>
    <subfield code="b">20</subfield>
    <subfield code="d">2014-05-08</subfield>
    <subfield code="l">1</subfield>
    <subfield code="m">2</subfield>
    <subfield code="o">KGF304 S35</subfield>
    <subfield code="p">20 002038</subfield>
    <subfield code="r">2025-03-03</subfield>
    <subfield code="s">2025-02-13</subfield>
    <subfield code="t">1</subfield>
    <subfield code="w">2014-05-08</subfield>
    <subfield code="y">LB</subfield>
  </datafield>
  <datafield tag="999" ind1=" " ind2=" ">
    <subfield code="c">92682</subfield>
    <subfield code="d">92682</subfield>
  </datafield>
  <controlfield tag="008">140508t2012    m  ||||| |||| 00| 0 spa d</controlfield>
  <datafield tag="020" ind1=" " ind2=" ">
    <subfield code="a">9786074684452</subfield>
  </datafield>
  <datafield tag="050" ind1=" " ind2=" ">
    <subfield code="a">KGF304</subfield>
    <subfield code="b">S35</subfield>
  </datafield>
  <datafield tag="100" ind1=" " ind2=" ">
    <subfield code="a">Soto Lara Pedro El&#xED;as</subfield>
    <subfield code="e">autor</subfield>
  </datafield>
  <datafield tag="245" ind1=" " ind2=" ">
    <subfield code="a">La vida, la ciencia y el tiempo del juez que emiti&#xF3; la primera sentencia de Amparo</subfield>
    <subfield code="c"> / Pedro Elias Soto Lara</subfield>
  </datafield>
  <datafield tag="260" ind1=" " ind2=" ">
    <subfield code="a">M&#xE9;xico</subfield>
    <subfield code="b"> : Suprema Corte de Justicia de la Naci&#xF3;n</subfield>
    <subfield code="c"> , 2012</subfield>
  </datafield>
  <datafield tag="300" ind1=" " ind2=" ">
    <subfield code="a">xiv ; 359 p&#xE1;ginas</subfield>
  </datafield>
  <datafield tag="500" ind1=" " ind2=" ">
    <subfield code="a">Icluye 1 CD-ROM con ap&#xE9;ndices</subfield>
  </datafield>
  <datafield tag="504" ind1=" " ind2=" ">
    <subfield code="a">Incluye:
Dedicatoria
Tabla de contenido
Agradecimientos
Introducci&#xF3;n
Presentaci&#xF3;n
Fuentes (pp. 349-350)
Bibliograf&#xED;a (pp. 351-359)</subfield>
  </datafield>
  <datafield tag="505" ind1=" " ind2=" ">
    <subfield code="a">Pedro S&#xE1;mano: sus or&#xED;genes
Pol&#xED;tica y leyes
Pedro S&#xE1;mano como Juez suplente del Juzgado de Distrito
Pedro S&#xE1;mano: su funci&#xF3;n como Juez suplente de Distrito
Pedro S&#xE1;mano sus virtudes &#xE9;ticas y la primera sentencia de amparo
Objeci&#xF3;n de conciencia
La descendencia conocida de Don Pedro S&#xE1;mano</subfield>
  </datafield>
  <datafield tag="519" ind1=" " ind2=" ">
    <subfield code="a">Material Complementario / </subfield>
    <subfield code="b">Derecho / </subfield>
    <subfield code="d">(20 002038)</subfield>
  </datafield>
  <datafield tag="650" ind1=" " ind2="0">
    <subfield code="a">JUECES MEXICANOS</subfield>
    <subfield code="x">BIOGRAF&#xCD;A</subfield>
  </datafield>
  <datafield tag="650" ind1=" " ind2="0">
    <subfield code="a">IMPARTICI&#xD3;N DE JUSTICIA</subfield>
  </datafield>
  <datafield tag="650" ind1=" " ind2="0">
    <subfield code="a">SENTENCIAS DE AMPARO</subfield>
  </datafield>
  <datafield tag="942" ind1=" " ind2=" ">
    <subfield code="c">LB</subfield>
  </datafield>
</record>
